000 01940nam a2200301 a 4500
001 77868
003 BD-RjUL
005 20211209083041.0
008 210202s2000 bg ||||| m||| 00| 0 ben d
035 _a(BD-RjUL)78094
040 _aBD-RjUL
_bben /eng
_cBD-RjUL
_dBD-RjUL
041 _aben
082 _a181.15
_bANM 2000
_223
100 _aআনিসুজ্জামান, মো.
_9244300
245 1 0 _aমওলানা আবদুল হামিদ খান ভাসানীর জীবন ও দর্শন /
_cমো. আনিসুজ্জামান ;
_6গবেষণা-নির্দেশক : রশীদুল আলম
260 _aরাজশাহী :
_bদর্শন বিভাগ, রাজশাহী বিশ্ববিদ্যালয়,
_c২০০০
300 _av, ২৬০ পাতা :
_bচিএ ;
_c২৯ সেমি.
502 _aথিসিস (এম. ফিল.) -- দর্শন বিভাগ, রাজশাহী বিশ্ববিদ্যালয়, ২০০০
504 _aগ্রন্থপঞ্জী : পাতা [২৫২]-২৫৯
600 _aভাসানী, মওলানা আবদুল হামিদ খান,
_d--১৮৮০-১৯৭৬
_xজীবনী
_9142849
600 _a Bhasani, Maulana Abdul Hamid Khan,
_d--1880-1976
_xBiography
_9239440
600 _aভাসানী, আবদুল হামিদ খান,
_d--১৮৮০-১৯৭৬
_xরাজনৈতিক ও সামাজিক মতামত
_9142849
600 _aBhashani, Abdul Hamid Khan,
_d--1880-1976
_xPolitical and social views.
_9142850
650 _aরাজনীতিবিদ
_zবাংলাদেশ
_xজীবনী
_2
_9244337
650 _aPoliticians
_zBangladesh
_xBiography.
_9244338
700 _aআলম, রশীদুল, গবেষণা-নির্দেশক
_9244303
942 _2ddc
_cTHE
999 _c77868
_d77868